Biblioteca

El origen de la familia, la propiedad privada y el Estado : En relación con las investigaciones de L.H. Morgan / F. Engels (Registro nro. 32563)

Detalles MARC
000 -LÍDER
Campo fijo de descripción fija 008820000a22001930004500
041 0# - CÓDIGO DE IDIOMA
Código de idioma para texto/pista de sonido o título separado
082 04 - NÚMERO DE CLASIFICACIÓN DECIMAL DEWEY
Número de clasificación G 173 E575o
001 - NÚMERO DE CONTROL
Campo de control 1240
100 1# - ASIENTO PRINCIPAL--NOMBRE PERSONAL
Nombre personal Engels, F. (Friedrich) (1820-1895)
245 10 - TÍTULO
Título del Material El origen de la familia, la propiedad privada y el Estado : En relación con las investigaciones de L.H. Morgan / F. Engels
260 ## - PUBLICACIÓN, DISTRIBUCIÓN, ETC. (PIE DE IMPRENTA)
Lugar de publicación, distribución, etc. Moscú, URSS : Progreso
300 ## - DESCRIPCIÓN FÍSICA
Extensión 213 Pag.
336 ## - CONTENT TYPE
Content type term texto
Content type code txt
Source rdacontent
337 ## - MEDIA TYPE
Source rdamedia
Media type term sin mediación
Media type code n
338 ## - CARRIER TYPE
Source rdacarrier
Carrier type term volumen
Carrier type code nc
505 00 - NOTA DE CONTENIDO
Nota de contenido con formato preestablecido estados prehistóricos de cultura -- la familia -- la gens iroquesa -- la gens griega -- génesis del estado Ateniense -- -- la gens y el estado en roma -- la gens entre los celtas y entre los germanos -- la formación del estado de los germanos -- barbarie y civilización
650 14 - ASIENTO SECUNDARIO DE MATERIA - TERMINO TEMÁTICO
Término temático o nombre geográfico como elemento de entrada FAMILIA \ ESTADO \ PROPIEDAD PRIVADA \ FILOSOFIA POLITICA
942 ## - TIPO DE MATERIAL (KOHA)
Tipo de Item KOHA Libros General
Existencias
Estado de Material Estado de Perdido Estado de Dañado No para Préstamo Colección Tomo Biblioteca de Origen Biblioteca Permanente Fecha de Adquisición Total de Préstamos Signatura Topográfica Código de Barras Última vez visto Última vez Préstado Ejemplar/Existencia Fecha de Remplazo Tipo de Material
        Colección General   Biblioteca FUSBC Biblioteca FUSBC 11/10/2004 2 G 173 E575o 665 12/12/2019 04/04/2019 1 26/01/2016 Libros General

Biblioteca FUSBC | Teléfono: (57+4) 349 88 10 Ext. 141| WhatsApp (+57) 3005338115 
E-mail: biblioteca@unisbc.edu.co | Calle 76 87-14 Robledo Palenque, Medellín, Colombia

Con tecnología Koha